Normal view
MARC view
Entry Topical Term
001 - CONTROL NUMBER
- control field: 224236
003 - CONTROL NUMBER IDENTIFIER
- control field: OSt
005 - DATE AND TIME OF LATEST TRANSACTION
- control field: 20250729165443.0
008 - FIXED-LENGTH DATA ELEMENTS
- fixed length control field: 250729|| aca||aabn | a|a d
040 ## - CATALOGING SOURCE
- Original cataloging agency: OSt
- Transcribing agency: OSt
150 ## - HEADING--TOPICAL TERM
- Topical term or geographic name entry element: Physical Education
670 ## - SOURCE DATA FOUND
- Source citation: Work cat.: (OSt)236309: ಹಿರೇಮದ ಎಸ್ ರಾಜಶೇಖರ್ 224235, ಆರೋಗ್ಯ ಮತ್ತು ದೈಹಿಕ ಶಿಕ್ಷಣ, 2005